PC FinGame : the financial management decision game : participant manual /

Guardado en:
Autor Principal: Brooks, LeRoy D.
Formato: Libro
Idioma:English
Publicado: Boston : Irwin/McGraw-Hill, 1996.
Edición:2nd ed.
Series:The Irwin series in finance.
Materias:
Etiquetas: Agregar Etiqueta
Sin Etiquetas, Sea el primero en etiquetar este registro!
LEADER 00935nam a22002535 4500
001 EAD.ead003749
008 080718s1996####xxud##########001#0#eng#d
005 20141128115411.0
245 1 0 |a PC FinGame :  |b the financial management decision game : participant manual /  |c LeRoy D. Brooks. 
250 |a 2nd ed. 
260 |a Boston :  |b Irwin/McGraw-Hill,  |c 1996. 
300 |a xi, 150 p. ;  |c 28 cm. +  |e 1 disquete. 
490 1 |a The Irwin series in finance 
500 |a Incluye índice. 
500 |a "Windows version 2.0"--Portada. 
538 |a Sistema requerido: IBM PC o compatible; 640K RAM; DOS 3.1 o superior; Monitor EGA o VGA 
020 |a 0256209898 
100 1 |a Brooks, LeRoy D. 
830 4 |a The Irwin series in finance. 
082 0 4 |a 658.15  |2 21 
650 7 |a Administración financiera.  |2 unbist 
650 7 |a Finanzas.  |2 unbist 
653 |a Modelo de Markowitz 
859 |a AR-BaBDC  |b BIB. ADMINISTRACION - Libros  |h 658.15  |i B791a2  |p b04189